| 000 | 00460nam a22001937a 4500 | ||
|---|---|---|---|
| 005 | 20230609134103.0 | ||
| 008 | 230605b |||||||| |||| 00| 0 eng d | ||
| 020 | _a9780071077750 | ||
| 082 |
_a621.319 _bKOT-M |
||
| 100 | _aKothari.D.P | ||
| 245 | _aModern power system analysis | ||
| 250 | _a4th ed. | ||
| 260 |
_aIndia _bMcGraw Hill _c2013 |
||
| 300 | _a776 | ||
| 500 | _aIndex Given | ||
| 650 | _aEngineering | ||
| 700 | _aD.P Kothari | ||
| 999 |
_c18572 _d18572 |
||